000 00559nam a2200229Ia 4500
003 OSt
005 20221005124119.0
006 a|||||r|||| 00| 0
007 ta
008 221004b |||||||| |||| 00| 0 mal d
024 _a52977
037 _cTextual
040 _aCRL
_cCRL
_bmal
041 _2mal
_amal
082 _aK96, 32K7
100 _aKurup D.B. Au.
_9634727
245 0 _aMayil nammute deaiya pakshi
260 _c1967
650 _aZOOLOGY
942 _hK96, 32K7
_cTEXL
_2cc
999 _c1049513
_d1049513